00000000nam 2200000zi 4500
0019.942532
003CaOODSP
00520250120130125
006m     o  d f      
007cr |||||||||||
008240828t20242018onc     o    f000 0 eng d
020 |a9780660733692
040 |aCaOODSP|beng|erda|cCaOODSP
043 |an-cn---
0861 |aCP22-225/2018E-PDF
24500|aBuilding a Governor in Council position accountability profile.
264 1|a[Ottawa] : |bGovernment of Canada = Gouvernement du Canada, |c[2024]
264 4|c©2018
300 |a1 online resource (18 pages)
336 |atext|btxt|2rdacontent
337 |acomputer|bc|2rdamedia
338 |aonline resource|bcr|2rdacarrier
500 |aIssued also in French under title: Établissement de profils de responsabilisation pour les postes pourvus par décret.
520 |a"An Accountability Profile is a short and concise description of a position, presented in a structured manner, that contains all of the information necessary to evaluate the position against the Governor in Council Position Evaluation Plan. It also contains the basic information for staffing the position. This manual outlines the steps for building an Accountability Profile"--Introduction, page 1.
650 0|aGovernment executives|xJob descriptions|zCanada.
651 0|aCanada|xOfficials and employees|xSelection and appointment.
7101 |aCanada. |bPrivy Council Office, |eissuing body.
77508|tÉtablissement de profils de responsabilisation pour les postes pourvus par décret.|w(CaOODSP)9.942538
85640|qPDF|s289 KB|uhttps://publications.gc.ca/collections/collection_2025/bcp-pco/CP22-225-2018-eng.pdf
8564 |qHTML|sN/A|uhttps://www.canada.ca/en/privy-council/programs/appointments/governor-council-appointments/building-position-profiles/building-a-gic-position-profile.html